000 00907nam a2200241Ia 4500
003 OSt
005 20251021142355.0
008 220922b |||||||| |||| 00| 0 hin d
020 _a81-8143-606-7 (hbk)
037 _cTB
040 _aARTS
_cARTS
_bhin
041 _2hin
_ahin
084 _aO152v J8;P8.1-.2
_qAL
100 _aमिश्र, विश्वनाथप्रसाद
_9158417
245 0 _aहिन्दी:
_bसाहित्य का अतीत
246 _aHindī - sāhitya kā atīta
260 _aनयी दिल्ली:
_bवाणी प्रकाशन,
_c1994.
490 _vभाग 1
546 _ahin
650 _aहिन्दी साहित्य
_9156264
942 _hO152v, J8;N4.1-.2
_cTB
_2CC
_n0
999 _c295511
_d295511